[Event "Regionalliga SW 1415"]
[Site "Bayern"]
[Date "2015.02.01"]
[Round "6.8"]
[White "Siebold, Hans Joerg"]
[Black "Schaub, Manfred"]
[Result "1/2-1/2"]
[WhiteElo "1735"]
[BlackElo "1827"]
[PlyCount "45"]
[EventDate "2014.10.19"]
[EventType "team-tourn"]
[EventRounds "9"]
[EventCountry "GER"]
[SourceTitle "EXT 2018"]
[Source "ChessBase"]
[SourceDate "2017.10.13"]
[SourceVersion "1"]
[SourceVersionDate "2017.10.13"]
[SourceQuality "1"]
[WhiteTeam "Solln"]
[BlackTeam "Mering"]
[WhiteTeamCountry "GER"]
[BlackTeamCountry "GER"]

1. e4 c5 2. Na3 Nc6 3. Bb5 Nd4 4. Nf3 Nxb5 5. Nxb5 a6 6. Nc3 d6 7. h3 Bd7 8. d4 g6 9. Be3 b6 10. 0-0 Bg7 11. Qe1 e6 12. Rd1 Qc8 13. dxc5 dxc5 14. Bf4 Ne7 15. Bd6 Ra7 16. Ne5 f6 17. Nc4 b5 18. Nb6 Qc6 19. Nxd7 Rxd7 20. Bh2 Rd4 21. f3 0-0 22. Ne2 Rxd1 23. Qxd1 1/2-1/2